Собрание распоряжений по Министерству путей сообщения в 1896 году, вызванных торжествами Священного коронования в 1896 году

Доступно только в Электронных читальных залах Найти на картеНа карте
RUSMARC
00003892nmc2a22002533x 450
001ef592740-a51b-4750-ba5e-5b358f66de84
00520241113023858.0
100##$a20240617l18961897k l0rusy0189 ca
1010#$arus
102##$aRU
105##$aa###
1222#$ad
2001#$aСобрание распоряжений по Министерству путей сообщения в 1896 году, вызванных торжествами Священного коронования в 1896 году
$j25 января 1896 г. - 23 апреля 1897 г.
215##$a391 л.
$cтабл.; черт.
$d38,5х29 см
251##$cДело
300##$aСобрание материалов, к изданию "Коронационного сборника" относящихся. Описание торжеств Священного коронования 1896 года. Иллюстрированные издания
300##$aНа бланке обложки указано: "Дело редакции "Коронационного сборника"
371##$aДокумент не является опубликованным и широко распространяемым
461#0$1001RusGRCC00079091
$12001
$aКанцелярия Министерства Императорского двора
$1251
$cФонд
$1852
$j472
462#0$1001c0b6831a-da70-44f0-af60-1a3bc9d20a40
$12001
$aКанцелярия Министерства Императорского двора
$1251
$cОпись
$1852
$j44
$l420-1968
801#0$aRU
$bРГИА
$c20240617
$gRCR
801#1$aRU
$bГлавНИВЦ
$c20240617
$2rusmarc
801#2$aRU
$bПБ им. Б.Н. Ельцина
$c20241113
$gRCR
$2rusmarc
850##$aРГИА
852##$aРГИА
$eФедеральное казенное учреждение "Российский государственный исторический архив" (РГИА)
$j33
937##$hРГИА
$d12416932
$aASBIBLIO_SCAN
035##$aRusGRCC00079030
856##$uhttp://readingroom.main.prlib.ru/item.aspx?id_node=n194771438&mode=full
Формат отображения